00673nam a22002057a 450000500170000001000150001702000260003203500140005803700090007208200060008110000180008724500320010525000060013726000360014327000740017930000220025394200200027599900190029595201530031420260527164440.0 aENG-148635 a9789382657729c695.00 aEN-132167 bDBAD aN aShelley, Mary aFrankenstein/cMary Shelley a1 aRaipurbVaibhav Prakashanc2022 aAminpara Chok, Purani BastibRaipure492001k0771-4038958, 9425358748 a202p. :c22cm(hb) 2ddccENmSHEhN c216389d216389 001040718FICaDBADbDBADd2026-05-27eDelivery of Books Act Divisiong695.00l0oSHE NpEN-132167r2026-05-27 16:45:12t1v695.00w2026-05-27yEN